Obras I

Gorde:
Xehetasun bibliografikoak
Egile nagusia: Castillejo, Cristobal de
Formatua: Liburua
Hizkuntza:Undetermined
Argitaratua: Madrid, España Espasa-Calpe 1960
Gaiak:
Etiketak: Etiketa erantsi
Etiketarik gabe, Izan zaitez lehena erregistro honi etiketa jartzen!

MARC

LEADER 00000nam a2200000Ia 4500
008 170316s9999 xx 000 0 und d
040 |a cru BVZT 
090 |a 862 C-24o v.1 
100 |a Castillejo, Cristobal de 
245 |a Obras I 
260 |a Madrid, España 
260 |b Espasa-Calpe 
260 |c 1960 
300 |a 238 páginas 
650 |a LITERATURA ESPAÑOLA 
999 |c 9635  |d 9635 
942 |c 15 D  |h 862 C-24o v.1  |2 z